00286nas a22001333 450000100090000000800410000901000170005004100080006708000070007510000070008210100080008924500380009731000170013511073644941117u xx u 0 0 0und  ax 94007535  aeng a32 a23 aPOL00aPresidential elections since 1789 aOther (4/Yr)